Napoleon's Marshals - Statistics

General Stats
  • This quiz has been taken 2,123 times
  • The average score is 16 of 27
Answer Stats
Hint Answer % Correct
1769-1815 Michel Ney
93%
1767-1815 Joachim Murat
89%
1770-1823 Louis Davout
85%
1769-1809 Jean Lannes
83%
1763-1844 Jean-Baptiste Bernadotte
75%
1769-1851 Nicolas Soult
75%
1758-1817 Andre Massena
73%
1753-1815 Louis Berthier
72%
1765-1840 Jacques MacDonald
69%
1766-1847 Emmanuel Grouchy
65%
1774-1852 Auguste Marmont
62%
1763-1813 Josef Poniatowski
61%
1768-1813 Jean-Baptiste Bessieres
58%
1770-1826 Louis-Gabriel Suchet
58%
1767-1847 Nicolas Oudinot
58%
1757-1816 Pierre Augereau
58%
1735-1820 Francois Kellerman
55%
1764-1830 Gouvion St Cyr
52%
1762-1833 Jean-Baptiste Jourdan
49%
1764-1841 Claude Victor
47%
1763-1815 Guillaume Brune
45%
1768-1835 Eduoard Mortier
44%
1755-1820 Francois Lefebvre
42%
1742-1819 Jean-Mathieu Serurier
42%
1769-1821 Napoleon Bonaparte
42%
1754-1842 Bon Adrien Moncey
40%
1754-1818 Dominique Perignon
40%
No matching quizzes found
Score Distribution
Percent of People with Each Score
Percentile by Number Answered
Your Score History
You have not taken this quiz